Validación de un procedimiento de calibración de densímetros para un laboratorio de calibración secundario
Sábháilte in:
| Príomhchruthaitheoir: | |
|---|---|
| Formáid: | LEABHAR |
| Teanga: | Spanish |
| Foilsithe / Cruthaithe: |
San José, Costa Rica
2014
|
| Ábhair: | |
| Clibeanna: |
Cuir clib leis
Níl clibeanna ann, Bí ar an gcéad duine le clib a chur leis an taifead seo!
|
MARC
| LEADER | 00000nam a22000007a 4500 | ||
|---|---|---|---|
| 001 | 7135 | ||
| 003 | 011969 | ||
| 005 | 20221231143858.0 | ||
| 008 | 150309b2014 c a|||| |||| 00| 0 spa d | ||
| 040 | |c cru CEDI | ||
| 100 | |9 342 |a Alpízar Herrera, Juan Carlos | ||
| 245 | |a Validación de un procedimiento de calibración de densímetros para un laboratorio de calibración secundario | ||
| 260 | |a San José, Costa Rica |c 2014 | ||
| 500 | |a Proyecto de graduación (licenciatura en ingeniería química)--Universidad de Costa Rica. Facultad de Ingeniería. Escuela de Ingeniería Química | ||
| 650 | |x CALIBRACION |x HIDROMETROS - CALIBRACION |x CALIBRACION - METODOS |x CALIBRACION - PRUEBAS |x MEDICION - INSTRUMENTOS |x LABORATORIOS |x INSTITUTOS DE INVESTIGACION |9 344 | ||
| 942 | |c BK | ||
| 999 | |c 13646 |d 13646 | ||
